Catálogo

Historia moderna de México / (Registro nro. 60475)

Detalles MARC
000 -LEADER
fixed length control field 01612cam a2200421 i 4500
001 - CONTROL NUMBER
control field 60475
003 - CONTROL NUMBER IDENTIFIER
control field Mx-PuUPA
005 - DATE AND TIME OF LATEST TRANSACTION
control field 20230223115740.0
008 - FIXED-LENGTH DATA ELEMENTS--GENERAL INFORMATION
fixed length control field 140415s2011 mx a gr 001 0 spa d
020 ## - INTERNATIONAL STANDARD BOOK NUMBER
International Standard Book Number 9786077630753
Qualifying information tomo 7
020 ## - INTERNATIONAL STANDARD BOOK NUMBER
International Standard Book Number 9786077240013
Qualifying information tomo 8
020 ## - INTERNATIONAL STANDARD BOOK NUMBER
International Standard Book Number 9786077240020
Qualifying information tomo 9
020 ## - INTERNATIONAL STANDARD BOOK NUMBER
International Standard Book Number 9786077240143
Qualifying information tomo 10
020 ## - INTERNATIONAL STANDARD BOOK NUMBER
International Standard Book Number 9786077240358
Qualifying information tomo 11
020 ## - INTERNATIONAL STANDARD BOOK NUMBER
International Standard Book Number 9786077630340
Terms of availability obra completa
040 ## - CATALOGING SOURCE
Original cataloging agency Mx-PuUPA
Language of cataloging spa
Transcribing agency Mx-PuUPA
Modifying agency Mx-PuUPA
Description conventions rda
041 0# - LANGUAGE CODE
Language code of text/sound track or separate title spa
100 1# - MAIN ENTRY--PERSONAL NAME
Personal name Cosío Villegas, Daniel,
Dates associated with a name 1898-1976,
Relator term autor
9 (RLIN) 10396
245 10 - TITLE STATEMENT
Title Historia moderna de México /
Statement of responsibility, etc. Daniel Cosío Villegas
246 18 - VARYING FORM OF TITLE
Title proper/short title Daniel Cosío Villegas :
Remainder of title obras
250 ## - EDITION STATEMENT
Edition statement Primera edición
264 #4 - PRODUCTION, PUBLICATION, DISTRIBUTION, MANUFACTURE, AND COPYRIGHT NOTICE
Place of production, publication, distribution, manufacture México, D.F. :
Name of producer, publisher, distributor, manufacturer El Colegio Nacional,
Date of production, publication, distribution, manufacture, or copyright notice ©2011-2013
300 ## - PHYSICAL DESCRIPTION
Extent 5 volúmenes (paginación varía) :
Other physical details ilustraciones ;
Dimensions 24 cm
336 ## - CONTENT TYPE
Fuente rdacontent
Content type term texto
Content type code txt
337 ## - MEDIA TYPE
Source rdamedia
Media type term sin medio
Media type code n
338 ## - CARRIER TYPE
Source rdacarrier
Carrier type term volumen
Carrier type code nc
490 0# - SERIES STATEMENT
Series statement Obras de Daniel Cosío Villegas ;
Volume/sequential designation 7-11
505 0# - FORMATTED CONTENTS NOTE
Formatted contents note tomo 7.
Title El porfiriato : la vida política interior 1. --
505 0# - FORMATTED CONTENTS NOTE
Formatted contents note tomo 8.
Title El porfiriato : la vida política interior 2. --
505 0# - FORMATTED CONTENTS NOTE
Formatted contents note tomo 9.
Title El porfiriato : la vida política interior 3. --
505 0# - FORMATTED CONTENTS NOTE
Formatted contents note tomo 10.
Title El porfiriato : la vida política interior 4. --
505 0# - FORMATTED CONTENTS NOTE
Formatted contents note tomo 11.
Title El porfiriato : la vida política interior 5.
651 #4 - SUBJECT ADDED ENTRY--GEOGRAPHIC NAME
Geographic name México
General subdivision Historia
Chronological subdivision 1867-1910
651 #4 - SUBJECT ADDED ENTRY--GEOGRAPHIC NAME
Geographic name México
General subdivision Política y gobierno
Chronological subdivision 1867-1910
942 ## - ADDED ENTRY ELEMENTS (KOHA)
Source of classification or shelving scheme Dewey Decimal Classification
Koha item type Libro
Classification part 972.0814
Item part C834
Existencias
Withdrawn status Lost status Source of classification or shelving scheme Damaged status Not for loan Collection code Home library Current library Shelving location Date acquired Source of acquisition Serial Enumeration / chronology Total Checkouts Full call number Barcode Date last seen Date last checked out Price effective from Koha item type Total Renewals
    Dewey Decimal Classification     General Biblioteca Karol Wojtyla Biblioteca Karol Wojtyla Sala general 03/12/2013 Compra t.7   972.0814 C834 2011 91140 05/01/2026 01/12/2015 03/09/2014 Libro  
    Dewey Decimal Classification     General Biblioteca Karol Wojtyla Biblioteca Karol Wojtyla Sala general 03/12/2013 Compra t.8   972.0814 C834 2011 91141 05/01/2026 26/08/2017 03/09/2014 Libro  
    Dewey Decimal Classification     General Biblioteca Karol Wojtyla Biblioteca Karol Wojtyla Sala general 03/12/2013 Compra t.10 2 972.0814 C834 2012 91143 05/01/2026 05/03/2019 03/09/2014 Libro 1
    Dewey Decimal Classification     General Biblioteca Karol Wojtyla Biblioteca Karol Wojtyla Sala general 03/12/2013 Compra t.9   972.0814 C834 2011 91142 05/01/2026   03/09/2014 Libro  
    Dewey Decimal Classification     General Biblioteca Karol Wojtyla Biblioteca Karol Wojtyla Sala general 03/12/2013 Compra t.11   972.0814 C834 2013 91144 05/01/2026   03/09/2014 Libro